000 01772nib a2200373ua 4500
001 000083499
003 OSt
005 20230919162016.0
007 vducgaiz
008 170809s2006 ck 037|e| |s| z|spa|d
040 _cCO-MqBPB
041 _aspa
043 _as-ck---
082 0 4 _a860.672
_bD31g
_221
100 _aDíaz-Granados, José Luis
_d1946-
245 1 0 _aLa poesía de Gabriel García Márquez :
_b[disco sonoro] /
_cpor José Luis Díaz-Granados.
260 _aBogotá :
_bCasa de Poesía Silva,
_c2006.
300 _a1 disco compacto :
_bsonido
_e(37 minutos aproximadamente)
490 0 _aVoces para el tiempo
_v672
500 _aConferencia realizada en la Casa de Poesía Silva de Bogotá en el marco del Concurso Nacional Poesía Capital
505 _tAnuncio
_rPedro Alejo Gómez Vila
505 _tConferencia
_rJosé Luis Díaz-Granados
508 _aProyecto, realización y diseños Pedro Alejo Gómez Vila ; digitalización y edición sonora Luis Guillermo Aza T.
511 1 _aPedro Alejo Gómez Vila (anunciador), Daniel Samper Pizano, Humberto Dorado, Luis Enrique Nieto Arango (panelistas)
518 _aConferencia realizada el 18 de marzo de 2007
600 _aGarcía Márquez, Gabriel
_d1927-2014
_xCrítica e interpretación
_vCongresos, conferencias, etc.
600 _aGarcía Márquez, Gabriel
_d1927-2014
_xPoesías
_vCongresos, conferencias, etc.
650 1 4 _aPoesía colombiana
_vCongresos, conferencias, etc.
650 1 4 _aAutores colombianos
_vCongresos, conferencias, etc.
650 2 4 _aLiteratura colombiana
_xHistoria y crítica
_vCongresos, conferencias, etc.
650 2 4 _aCrítica literaria
_vCongresos, conferencias, etc.
650 2 4 _aLectura de poemas
_vCongresos, conferencias, etc.
942 _2ddc
_cCDROM
999 _c11369
_d11369